LEADER 02825nam 2200637 a 450 001 9910465557303321 005 20200520144314.0 010 $a3-11-025445-X 024 7 $a10.1515/9783110254457 035 $a(CKB)2560000000079411 035 $a(EBL)835457 035 $a(OCoLC)772845209 035 $a(SSID)ssj0000589994 035 $a(PQKBManifestationID)11426910 035 $a(PQKBTitleCode)TC0000589994 035 $a(PQKBWorkID)10665087 035 $a(PQKB)11311630 035 $a(MiAaPQ)EBC835457 035 $a(DE-B1597)123537 035 $a(OCoLC)853259056 035 $a(DE-B1597)9783110254457 035 $a(Au-PeEL)EBL835457 035 $a(CaPaEBR)ebr10527864 035 $a(CaONFJC)MIL628116 035 $a(EXLCZ)992560000000079411 100 $a20110411d2012 uy 0 101 0 $aeng 135 $aur|n|---||||| 181 $ctxt 182 $cc 183 $acr 200 10$aEndoscopic mitral valve surgery$b[electronic resource] $ehandbook of minimal-invasive cardiac surgery /$fRalf Krakor 210 $aBerlin $cWalter de Gruyter$dc2012 215 $a1 online resource (148 p.) 300 $aIncludes index. 311 $a1-306-96865-8 311 $a3-11-025422-0 327 $aAnesthesiology and pain management -- Technical prerequisites -- Preparations -- Valve repair techniques -- Tips and tricks -- Additional procedures. 330 $aThe minimally-invasive or endoscopic mitral valve surgery is one of the most attractive and most interesting areas of the modern heart surgery. The book describes first all practical steps necessary in a clinic from the idea of the introduction of the minimally-invasive mitral valve surgery up to practical realization of the operation program. The initial explanation of organizational and financial aspects allows an exact resource planning and protects against wrong expectations and failures. An extensive and detailed representation of the reconstruction technologies possible today as well as the specific features of her endoscopic application allow quick learning of the surgical technology. Numerous tips and tricks and informative pictures of the most frequent findings and the accompanying reconstruction technologies underline the practical orientation of the book. 606 $aMitral valve$xSurgery 606 $aHeart$xSurgery 606 $aEndoscopic surgery 608 $aElectronic books. 615 0$aMitral valve$xSurgery. 615 0$aHeart$xSurgery. 615 0$aEndoscopic surgery. 676 $a617.4/120597 686 $aYI 8000$2rvk 700 $aKrakor$b Ralf$f1963-$01042285 801 0$bMiAaPQ 801 1$bMiAaPQ 801 2$bMiAaPQ 906 $aBOOK 912 $a9910465557303321 996 $aEndoscopic mitral valve surgery$92466404 997 $aUNINA LEADER 02754nam 22006135 450 001 9910157379503321 005 20230804134214.0 010 $a9781484225295 010 $a1484225295 024 7 $a10.1007/978-1-4842-2529-5 035 $a(CKB)3710000001000977 035 $a(DE-He213)978-1-4842-2529-5 035 $a(MiAaPQ)EBC4774161 035 $a(CaSebORM)9781484225295 035 $a(PPN)197459838 035 $a(OCoLC)1076490734 035 $a(OCoLC)on1076490734 035 $a(EXLCZ)993710000001000977 100 $a20161228d2017 u| 0 101 0 $aeng 135 $aurnn|008mamaa 181 $ctxt$2rdacontent 182 $cc$2rdamedia 183 $acr$2rdacarrier 200 10$aCMMI for Development $eImplementation Guide /$fby Mukund Chaudhary, Abhishek Chopra 205 $a1st ed. 2017. 210 1$aBerkeley, CA :$cApress :$cImprint: Apress,$d2017. 215 $a1 online resource (XIII, 111 p. 27 illus., 15 illus. in color.) 311 08$a9781484225288 311 08$a1484225287 320 $aIncludes bibliographical references and index. 330 $aThis practical book offers best practices to be followed for CMMi implementation. It allows the reader to discover and avoid the mistakes that are commonly made while implementing the CMMi practices in their work areas. You'll experience how easy, yet concise the CMMi practice description is and how quickly and efficiently it can be implemented to your work processes. CMMi is the most popular software process improvement model developed by the US department of Defence Software Engineering Institute (Carnegie Mellon University). This model is extensively used by software professionals and organizations worldwide. CMMI for Development v1.3 : Implementation Guide is your step by step guide that aims to change the way people interpret and implement CMMi in their organizations. 517 3 $aCapability Maturity Model Integration for development 606 $aOpen source software 606 $aSoftware engineering?Management 606 $aSoftware engineering 606 $aOpen Source 606 $aSoftware Management 606 $aSoftware Engineering 615 0$aOpen source software. 615 0$aSoftware engineering?Management. 615 0$aSoftware engineering. 615 14$aOpen Source. 615 24$aSoftware Management. 615 24$aSoftware Engineering. 676 $a005.8 700 $aChaudhary$b Mukund$4aut$4http://id.loc.gov/vocabulary/relators/aut$0868667 702 $aChopra$b Abhishek$4aut$4http://id.loc.gov/vocabulary/relators/aut 801 0$bUMI 801 1$bUMI 906 $aBOOK 912 $a9910157379503321 996 $aCMMI for Development$91939149 997 $aUNINA